[Event "It (cat.12)"]
[Site "masterchessopen.com Montreal (Canada)"]
[Round "9"]
[White "Novikov Igor A (USA)"]
[Black "Tyomkin Dimitri (CAN)"]
[Result "1-0"]
[WhiteElo "2588"]
[BlackElo "2505"]

{ Novikov Igor A (USA) +6 =5 -2 } 1.d4 { 1 } 1...Nf6 2.c4 g6 3.Nc3 d5 4.Bf4
Bg7 5.e3 c5 6.dxc5 Qa5 7.Rc1 ( 7.Qa4+ Qxa4 8.Nxa4 Bd7 9.Nc3 Ne4 10.Nxd5 Na6
11.f3 Nexc5 12.Rb1 Rc8 13.Bg5 f6 14.Bh4 Kf7 15.Nc3 f5 16.Nge2 Nd3+ 17.Kd2 Rxc4
18.Nd4 Bxd4 19.Kxd3 Bxc3 20.Kxc4 Rc8+ 21.Kd3 Bb5+ 22.Kc2 Bf6+ 23.Kd2 Rd8+
24.Kc1 Rc8+ 25.Kd2 Rd8+ 26.Kc1 Bxf1 { ...1/2-1/2, Novikov Igor A 2598 -
Shahade Gregory 2452 , New York 2002 Tournament "New York Masters" } )
7...dxc4 8.Bxc4 O-O 9.Ne2 { = } 9...Nc6 ( 9...Qxc5 10.Qb3 Nc6 11.Nb5 Qh5
12.Nc7 Na5 13.Bxf7+ Rxf7 14.Qa3 Rb8 15.Rc5 Qg4 16.Rg5 Nc4 17.Qxa7 Qd7 18.O-O
e5 19.Qxb8 exf4 20.Rc5 Nd2 21.Ne6 Qxe6 22.Qxc8+ Qxc8 23.Rxc8+ Bf8 24.Rd1 fxe3
25.fxe3 Rd7 26.Nd4 Nde4 27.Rdc1 Kf7 28.R1c7 Bd6 29.Rxd7+ { ...1/2-1/2, Piket
Jeroen 2649 - Van Wely Loek 2714 , Monaco 2001 It "Melody Amber" (blindfold) }
) 10.O-O ( 10.Qb3 Qxc5 11.Nb5 Qh5 12.Ng3 Qh4 13.Nc7 e5 14.Bxe5 Nxe5 15.Nxa8
Bd7 16.Nc7 Bc6 17.Nd5 Kh8 18.Nf4 g5 19.Nd3 Nxd3+ 20.Qxd3 Bxg2 21.Nf5 Qh3
22.Nxg7 Kxg7 23.Rg1 Qxh2 24.Kd2 h6 25.Qd4 Re8 26.Kc2 Be4+ 27.Kb3 b5 28.Bxb5
Bd5+ 29.Ka3 Re4 { ...1-0, Dreev Alexey 2682 - Rytshagov Mikhail 2465 , Tallinn
3. 1.2004 Memorial P.Keres (active) } ) 10...Qxc5 ( 10...e5 11.Bg5 Qxc5 12.Qa4
Qa5 13.Qb3 Rb8 14.Bxf6 Bxf6 15.Ne4 Be7 16.Bxf7+ Rxf7 17.Rxc6 Kg7 18.Nd6 Bxd6
19.Rxd6 Bg4 20.Nc3 Rbf8 21.Qd5 Qxd5 22.Rxd5 Be6 23.Rd2 b5 24.a3 b4 25.axb4 Rb8
26.b5 Bc4 27.Ra1 Bxb5 28.Ra5 a6 29.Nxb5 axb5 30.f3 { ...1/2-1/2, Martyn Rafe
2312 - Hossain Enamul 2446 , Edinburgh 2003 Ch Great Britain } ) 11.Nb5 Qh5
12.Nc7 ( 12.f3 g5 13.Bg3 Rd8 14.Qe1 Qg6 15.Nc7 Rb8 16.Nb5 { 1/2-1/2, Pinter
Jozsef 2535 - Shamkovich Leonid 2515 , Malta 1980 Olympiad } ) 12...Rb8 { }
13.Nd5 { N } ( 13.Qa4 e5 14.Bg3 Bd7 15.Nc3 Rbc8 16.N7d5 Nxd5 17.Bxd5 a6
18.Rfd1 Qg4 19.Qb3 b5 20.h3 Qb4 21.Qxb4 Nxb4 22.Bb7 Rc7 23.Bf3 Bf5 24.e4 Bd7
25.Rd6 Rfc8 26.Rcd1 Be8 27.Bg4 Ra8 28.Rd8 Rca7 29.R1d7 h5 30.Bd1 Rxd8 31.Rxd8
Kf8 32.Bh4 f6 { ...1-0, Soln Primoz 2280 - Rocko Ilja 2159 , Plzen 1995 It
(open) (juniors) } ) ( 13.Nc3 e5 14.Qxh5 Nxh5 15.Bg5 h6 16.Bh4 g5 17.Bg3 Nxg3
18.hxg3 Bf5 19.Rfd1 Rfd8 20.Bb5 e4 21.N7d5 Kf8 22.f3 Re8 23.g4 Bg6 24.f4 gxf4
25.Nxf4 Rbd8 26.Kf2 Bh7 27.Ke2 a6 28.Rxd8 Rxd8 29.Bxc6 bxc6 30.Na4 Rd6 31.Rc5
Bf6 32.Ra5 Bg5 { ...1-0, Nutiu Adrian Mihail 2091 - Tseitline Semen 2082 ,
Eforie Nord 1998 It (open) (a) } ) 13...Ra8 14.Nec3 Qxd1 15.Rfxd1 Bf5 16.f3
Nxd5 17.Bxd5 Rad8 18.e4 Be6 19.Be3 a6 { ?! } ( 19...Bxd5 { !? } 20.exd5 Nb4
21.Bxa7 Bxc3 { } ) 20.Bb6 Rc8 21.Bxe6 fxe6 22.Na4 Ne5 23.Bc7 Bh6 24.Rc3 Bf4 {
?! } ( 24...Bg7 { !? } 25.Rc2 Nc6 26.Bb6 Ne5 { } ) 25.Kf1 Nxf3 { ?! } (
25...b5 { !? } 26.Nb6 Rxc7 27.Rxc7 Ng4 { } ) 26.Bxf4 Rxc3 27.Bh6 { ? } ( { ? }
27.Nxc3 Ng5 28.Rd8 Rxd8 29.Bxg5 { } ) 27...Nd2+ { ? } ( { ? } 27...Rc4 28.Bxf8
Rxa4 29.Rd8 Rd4 { } ) 28.Ke2 Rc4 29.Bxf8 Kxf8 30.Nb6 Rxe4+ 31.Kxd2 Rb4 32.Nd7+
Ke8 33.Kc3 Rb5 34.a4 Rh5 35.h3 a5 36.Nb6 Rc5+ 37.Nc4 Kf7 38.Rd7 Rg5 39.g4 h5
40.Rxb7 hxg4 41.hxg4 { } {#r} 1-0

[Event "It (cat.10)"]
[Site "masterchessopen.com Teheran (Iran)"]
[Date "2004.09.17"]
[Round "6"]
[White "Ghorbani Mohsen (IRI)"]
[Black "Neverov Valeriy (UKR)"]
[Result "0-1"]
[WhiteElo "2343"]
[BlackElo "2536"]

1.d4 Nf6 2.c4 g6 3.Nc3 d5 4.Bf4 Bg7 5.e3 c5 6.dxc5 Qa5 7.Rc1 Ne4 8.cxd5 Nxc3
9.Qd2 Qxa2 10.bxc3 Qa5 11.Nf3 Nd7 12.Bc4 Nxc5 13.Nd4 O-O 14.O-O Bd7 15.Qe2
Rfc8 16.Bb5 e5 17.dxe6 Bxe6 18.Qb2 Qb6 19.Qb1 Bd5 20.Rfd1 Nb3 21.Bd7 Nxc1
22.Qxb6 axb6 23.Bxc8 Na2 24.Nb5 Nxc3 25.Nxc3 Bxc3 26.h3 Bc6 27.Rd8+ Kg7 28.Bd6
h5 29.f3 b5 30.Bf8+ Kh7 {#R} 0-1

[Event "Memorial M.Chigorin (open)"]
[Site "masterchessopen.com St. Petersburg (Russia)"]
[Date "2004.10.19"]
[Round "4"]
[White "Potyavin Igor (RUS)"]
[Black "Mirzanurov Bulat (RUS)"]
[Result "0-1"]
[WhiteElo "2075"]
[BlackElo "2264"]

1.d4 Nf6 2.c4 g6 3.Nc3 d5 4.Bf4 Bg7 5.e3 c5 6.dxc5 Qa5 7.Qd2 dxc4 8.Bxc4 Qxc5
9.Bb5+ Bd7 10.Rc1 O-O 11.Bxd7 Nbxd7 12.Nf3 e5 13.Bg3 e4 14.Nd4 Qa5 15.Nxe4
Qxa2 16.Nc3 Qa5 17.O-O a6 18.Rfd1 Rac8 19.Bd6 Rfd8 20.Be7 Re8 21.Bd6 Qb6
22.Ba3 Nc5 23.f3 Bh6 24.Re1 Rcd8 25.Bxc5 Qxc5 26.f4 Bxf4 27.exf4 Rxe1+ 28.Qxe1
Rxd4 29.Qf2 Ng4 30.Qh4 {#R} 0-1

[Event "Ch Slovenia (team)"]
[Site "masterchessopen.com Celje (Slovenia)"]
[Date "2004.12.03"]
[Round "7"]
[White "Zaja Ivan (CRO)"]
[Black "Sebenik Matej (SLO)"]
[Result "1-0"]
[WhiteElo "2459"]
[BlackElo "2413"]

1.d4 Nf6 2.c4 g6 3.Nc3 d5 4.Bf4 Bg7 5.e3 c5 6.dxc5 Qa5 7.Rc1 Ne4 8.cxd5 Nxc3
9.Qd2 Qxa2 10.Rxc3 Bxc3 11.Qxc3 Qa1+ 12.Kd2 f6 13.Nf3 Bd7 14.Rg1 Qa4 15.Nd4
Na6 16.c6 bxc6 17.dxc6 Bc8 18.Bb5 Qb4 19.c7+ Kf7 20.Bc6 Qxc3+ 21.Kxc3 e5
22.Nb5 exf4 23.Bxa8 Bd7 24.Bb7 Nc5 25.c8=Q Bxc8 26.Bxc8 fxe3 27.fxe3 a6 28.Na7
Re8 29.b4 Na4+ 30.Kd4 Re7 31.Ra1 {#r} 1-0

[Event "Ch France (team) (nat.2) 2004/05"]
[Site "masterchessopen.com France"]
[Round "6"]
[White "Naudin Yvan (FRA)"]
[Black "Guilbert Herve (FRA)"]
[Result "1-0"]
[WhiteElo "2032"]
[BlackElo "2094"]

1.d4 Nf6 2.c4 g6 3.Nc3 d5 4.Bf4 Bg7 5.e3 c5 6.Rc1 cxd4 7.exd4 Nc6 8.c5 O-O
9.Nf3 Ne4 10.Bb5 Nxd4 11.Nxd4 e5 12.O-O a6 13.Nc6 bxc6 14.Bxc6 Nxc3 15.bxc3
Ra7 16.Be3 Be6 17.Ba4 d4 18.cxd4 exd4 19.Bf4 Qf6 20.Bd6 Rc8 21.Bb3 Bxb3
22.Qxb3 Qd8 23.Qb6 Raa8 24.Rfd1 Qd7 25.g3 Rc6 26.Qb4 Rac8 27.Rc4 Qf5 28.Qb3 h5
29.Rb4 h4 30.Rb7 h3 31.f3 Re8 32.g4 Qe6 33.Qxe6 fxe6 34.f4 Rec8 35.Kf2 Bf8
36.Rd7 Bxd6 37.cxd6 Rc2+ 38.Kg3 R8c3+ 39.Kh4 Kh8 40.Rxd4 {#r} 1-0

[Event "Bundesliga 2004/05"]
[Site "masterchessopen.com Austria"]
[Date "2005.01.13"]
[Round "4"]
[White "Hertneck Gerald (GER)"]
[Black "Ftacnik Lubomir (SVK)"]
[Result "0-1"]
[WhiteElo "2539"]
[BlackElo "2612"]

{ Hertneck Gerald (GER) +1 =0 -0 } 1.d4 { 1 } 1...Nf6 2.c4 g6 3.Nc3 d5 4.Bf4
Bg7 5.e3 c5 6.dxc5 Qa5 7.Qa4+ Qxa4 8.Nxa4 Bd7 9.Nc3 { = } 9...Ne4 ( 9...Na6
10.cxd5 Nxc5 11.Nf3 O-O 12.Rd1 Rfd8 13.Be5 Na4 14.Nxa4 Bxa4 15.Rd4 Bc2 16.Bc4
a6 17.Ke2 b5 18.Rc1 Be4 19.Bb3 Bxd5 20.Bxd5 Nxd5 21.Rcd1 e6 22.e4 Bxe5 23.Nxe5
Nf4+ 24.Kf3 Rxd4 25.Rxd4 Nh5 26.g4 Nf6 27.g5 Nh5 28.Rd6 Rc8 29.Rxa6 { ...1-0,
Andruet Gilles 2410 - Bernard Christophe 2321 , France 1986 Ch France } )
10.Nxd5 Na6 11.f3 Nexc5 12.O-O-O e6 ( 12...Na4 13.b3 e6 14.Nc7+ Nxc7 15.Bxc7
Nc3 16.Rd2 Rc8 17.Bd6 b5 18.Rc2 a5 19.Ne2 bxc4 20.Nxc3 cxb3 21.axb3 Bxc3
22.Bc4 Bb4 23.Rd1 Bxd6 24.Rxd6 Ke7 25.Ra6 Ra8 26.Rxa8 Rxa8 27.Kd2 Kd6 28.Kc3
Bc6 29.Ra2 g5 30.h3 h5 31.Be2 h4 32.Bc4 { ...1/2-1/2, Kiss Pal 2400 -
Mendelian Vahe 2188 , Hungary 2000 Ch Hungary (team) 2000/01 } ) 13.Nc3 (
13.Nc7+ Nxc7 14.Bxc7 Rc8 15.Bd6 b5 16.b3 bxc4 17.Bxc4 Na4 18.Rd2 Bb5 19.Rc2
Bxc4 20.bxc4 Kd7 21.c5 Rc6 22.Ne2 { 1/2-1/2, Van Wely Loek 2655 - Svidler
Peter 2660 , Tilburg 1997 It (cat.17) } ) 13...Bxc3 14.bxc3 f6 15.Bd6 { N } (
15.g4 O-O-O ( 15...h5 16.g5 e5 17.Bg3 h4 18.Bf2 fxg5 19.Rd5 e4 20.Rxg5 Bf5
21.Kc2 O-O-O 22.Bh3 Bxh3 23.Nxh3 exf3 24.Rg4 Nd3 25.Bxh4 Ne5 26.Re4 Rde8
27.Bg3 Rxh3 28.Rxe5 Rxe5 29.Bxe5 Nc5 30.Rg1 Rh5 31.Bg3 Ne4 32.Kd3 Nxg3 33.hxg3
Rg5 34.g4 Kc7 { ...1-0, Hertneck Gerald 2552 - Joachim Sven 2448 , Germany
2003 Bundesliga 2002/03 } ) 16.g5 Ba4 17.Re1 fxg5 18.Bxg5 Nd3+ 19.Bxd3 Rxd3
20.Bf6 Re8 21.Nh3 e5 22.Ng5 Rxc3+ 23.Kb2 Rc2+ 24.Ka3 Nc5 25.Rd1 Re2 26.Rde1
Rd2 27.f4 Bc6 28.Rhf1 Nd7 29.fxe5 Nxe5 30.e4 h6 31.Bxe5 Rxe5 32.Rf8+ Kc7
33.Rf7+ Kb6 34.Rb1+ Ka6 { ...0-1, Portisch Lajos 2525 - Ruck Robert 2562 ,
Zalaegerszeg 27. 4.2004 It (cat.13) } ) 15...Rc8 16.Nh3 Na4 17.Kc2 Nb6 18.Rb1
Kf7 19.Nf2 Rhd8 20.Ba3 f5 21.Be2 { ? } ( { ? } 21.Kc1 Nc5 22.Bxc5 Rxc5 23.Nd3
{ } ) 21...Ba4+ 22.Kc1 Rd7 23.Rxb6 axb6 24.Nd3 Kf6 25.Nb2 Bc6 26.Rd1 Rxd1+
27.Bxd1 Nc5 28.Bb4 Ra8 29.a3 Rd8 30.Bc2 e5 31.a4 e4 { ! } ( 31...Ra8 32.a5 Nd7
33.axb6 Ra1+ { } ) 32.a5 exf3 33.gxf3 Bxf3 34.axb6 Rc8 35.Nd3 Nd7 36.c5 Be4
37.Kd2 Bxd3 38.Kxd3 Nxc5+ 39.Kd4 Ne6+ 40.Kd5 Rc6 { } {#R} 0-1

[Event "Ch Kiev"]
[Site "masterchessopen.com Kiev (Ukraine)"]
[Date "2005.01.26"]
[Round "8"]
[White "Perun Sergey (UKR)"]
[Black "Shishkin Vadim (UKR)"]
[Result "0-1"]
[WhiteElo "2355"]
[BlackElo "2532"]

1.d4 Nf6 2.c4 g6 3.Nc3 d5 4.Bf4 Bg7 5.e3 c5 6.dxc5 Qa5 7.Rc1 dxc4 8.Bxc4 O-O
9.Ne2 Qxc5 10.Qb3 Nc6 11.Nb5 Qh5 12.Nc7 Rb8 13.Na6 Qa5+ 14.Nc3 Ra8 15.Nc7 e5
16.Nxa8 exf4 17.O-O fxe3 18.fxe3 Qe5 19.Nd5 Ng4 20.g3 Na5 21.Qd3 Bf5 22.Rxf5
gxf5 23.Nac7 Qxb2 24.Rc2 Qb1+ 25.Kg2 Ne5 26.Qe2 Naxc4 27.Rxc4 Nxc4 28.Qxc4
Qe4+ 29.Qxe4 fxe4 30.Ne7+ Kh8 31.g4 Rd8 32.Ncd5 Bf8 {#R} 0-1

[Event "It (open)"]
[Site "masterchessopen.com Portsmouth (England)"]
[Date "2005.02.20"]
[Round "6"]
[White "Almond Richard (ENG)"]
[Black "Webb Richard M (ENG)"]
[Result "0-1"]
[WhiteElo "2096"]
[BlackElo "2302"]

1.d4 Nf6 2.c4 g6 3.Nc3 d5 4.Bf4 Bg7 5.e3 c5 6.dxc5 Qa5 7.Qd2 dxc4 8.Bxc4 O-O
9.Rd1 Qxc5 10.Qe2 Nc6 11.Nf3 e5 12.Bg3 Bg4 13.h3 Bh5 14.Bh2 e4 15.Nxe4 Nxe4
16.g4 Bxg4 17.hxg4 Bxb2 18.O-O Bg7 19.Qc2 Nc3 20.Nd2 Rad8 21.Rc1 Rxd2 22.Bxf7+
Rxf7 23.Qxd2 Qc4 24.Kh1 Qe4+ 25.f3 Rxf3 {#R} 0-1

[Event "It (cat.2) (a)"]
[Site "masterchessopen.com Budapest (Hungary)"]
[Date "2005.03.11"]
[Round "7"]
[White "Porat Ido (ISR)"]
[Black "Suranyi Pal (HUN)"]
[Result "1-0"]
[WhiteElo "2328"]
[BlackElo "2192"]

1.d4 Nf6 2.c4 g6 3.Nc3 d5 4.Bf4 Bg7 5.e3 c5 6.dxc5 Qa5 7.Rc1 Ne4 8.cxd5 Nxc3
9.Qd2 Qxc5 10.Bh6 O-O 11.Bxg7 Kxg7 12.Qxc3+ Qxc3+ 13.Rxc3 Nd7 14.f3 Nb6 15.e4
f5 16.Rc7 fxe4 17.fxe4 Bd7 18.Ne2 Rac8 19.Rxc8 Rxc8 20.Nc3 Kf6 21.Kd2 Ke5
22.a3 a5 23.Bd3 Rg8 24.Rf1 Rg7 25.Ke3 e6 26.dxe6 Bxe6 27.Rf8 Re7 28.Nb5 Bc4
29.Nd4 Kd6 30.Rf6+ Kc7 31.Rxb6 Bxd3 32.Re6 Rxe6 33.Nxe6+ Kd6 34.Kxd3 Kxe6
35.Kd4 g5 36.g4 a4 37.e5 h6 38.Ke4 Ke7 39.Kd5 Kd7 40.e6+ Ke8 41.Kd6 Kd8 42.e7+
Ke8 43.Ke6 {#r} 1-0

[Event "It \"]
[Site "masterchessopen.com Connecticut (USA)"]
[Date "2005.03.26"]
[Round "7"]
[White "Sarkar Justin (USA)"]
[Black "Markzon Gregory (USA)"]
[Result "1-0"]
[WhiteElo "2315"]
[BlackElo "2229"]

1.d4 Nf6 2.c4 g6 3.Nc3 d5 4.Bf4 Bg7 5.e3 c5 6.dxc5 Qa5 7.Rc1 dxc4 8.Bxc4 O-O
9.Ne2 Nc6 10.O-O Qxc5 11.Nb5 Qh5 12.Nc7 Rb8 13.Nd5 e5 14.Bg3 Ne4 15.b4 Nxg3
16.Nxg3 Qh4 17.b5 Ne7 18.Qb3 Nf5 19.Qa3 Nh6 20.Qxa7 Be6 21.e4 Ra8 22.Qxb7 Ng4
23.h3 Nxf2 24.Kxf2 Bxd5 25.Bxd5 Qf4+ 26.Kg1 Qxg3 27.Rxf7 Kh8 28.Rcf1 Rfb8
29.Qd7 Rd8 30.Qe6 Rac8 31.b6 Re8 32.b7 Rb8 33.Qd7 Qe3+ 34.Kh1 Rf8 35.Rxf8+
Bxf8 36.Qc8 Qc1 37.Qxc1 {#r} 1-0

[Event "Ch France (juniors)"]
[Site "masterchessopen.com Calvi (France)"]
[Round "4"]
[White "Sebbah Julien (FRA)"]
[Black "Vitoux Colomban (FRA)"]
[Result "0-1"]
[WhiteElo "2074"]
[BlackElo "2264"]

1.d4 Nf6 2.c4 g6 3.Nc3 d5 4.Bf4 Bg7 5.e3 c5 6.dxc5 Qa5 7.Bxb8 Rxb8 8.Qa4+ Qxa4
9.Nxa4 O-O 10.Rc1 Be6 11.Nf3 Rfc8 12.b4 dxc4 13.Bxc4 Bxc4 14.Rxc4 b5 15.cxb6
Rxc4 16.bxa7 Rd8 17.O-O Rxb4 18.Nc5 Ra8 19.Ne5 Rb5 {#R} 0-1

[Event "Tournament (Elo)"]
[Site "masterchessopen.com Gausdal (Norway)"]
[Date "2005.04.16"]
[Round "4"]
[White "Valla Martin (NOR)"]
[Black "Schnabel Ralf (GER)"]
[Result "0-1"]
[WhiteElo "2062"]
[BlackElo "2231"]

1.d4 Nf6 2.c4 g6 3.Nc3 d5 4.Bf4 Bg7 5.e3 c5 6.dxc5 Qa5 7.Qa4+ Qxa4 8.Nxa4 Nc6
9.Nc3 Bf5 10.cxd5 Nb4 11.Bb5+ Kf8 12.O-O-O a6 13.Be2 Ne4 14.Nxe4 Bxe4 15.Bf3
Nd3+ 16.Kb1 Nxb2+ 17.Bxe4 Nxd1 18.Bf3 Nxf2 19.d6 e5 20.Bg5 e4 21.Be7+ Ke8
22.Be2 Rc8 23.Nh3 Nxh1 24.Ng5 Rxc5 25.Nxe4 Re5 26.Ng5 Rxe7 27.dxe7 Kxe7 28.Bf3
Nf2 {#R} 0-1

[Event "It"]
[Site "masterchessopen.com Mostoles (Spain)"]
[Date "2005.06.15"]
[Round "6"]
[White "De Francisco Y De Diego Felipe (ESP)"]
[Black "Semprun Martinez Fernando (ESP)"]
[Result "0-1"]
[WhiteElo "2049"]
[BlackElo "2190"]

1.d4 Nf6 2.c4 g6 3.Nc3 d5 4.Bf4 Bg7 5.e3 c5 6.dxc5 Qa5 7.Nf3 Ne4 8.Rc1 Nxc3
9.bxc3 Bxc3+ 10.Nd2 Bf5 11.cxd5 Nd7 12.f3 Nxc5 13.e4 Bd7 14.Qc2 Na4 15.Bc4 b5
16.Bb3 Rc8 17.Qb1 O-O 18.Bxa4 Qxa4 19.O-O Qd4+ 20.Rf2 Qb6 21.Nb3 b4 22.Bd2
Bxd2 23.Nxd2 Rxc1+ 24.Qxc1 Rc8 25.Qd1 Qd4 26.Qb1 Ba4 27.Nb3 Bxb3 28.axb3 Qe3
{#R} 0-1

[Event "It (open)"]
[Site "masterchessopen.com Minsk (Belarus)"]
[Date "2005.07.11"]
[Round "2"]
[White "Riazantsev Alexander (RUS)"]
[Black "Litvinov Vladimir (BLR)"]
[Result "1-0"]
[WhiteElo "2603"]
[BlackElo "2348"]

1.d4 Nf6 2.c4 g6 3.Nc3 d5 4.Bf4 Bg7 5.e3 dxc4 6.Bxc4 O-O 7.Nf3 b6 8.O-O Bb7
9.Qe2 Nc6 10.Rfd1 Nh5 11.Bg5 h6 12.Bh4 g5 13.Ne5 Nf6 14.Bg3 Na5 15.Bd3 e6
16.Rac1 Qe7 17.Rc2 Rfd8 18.Rdc1 c5 19.dxc5 Qxc5 20.e4 Nh5 21.Qxh5 Bxe5 22.b4
Qd4 23.bxa5 Bxg3 24.hxg3 Qxd3 25.Qxh6 Bxe4 26.Nxe4 Qxe4 27.Qxg5+ Qg6 28.Qxg6+
fxg6 29.Rc7 Rd2 30.Re1 Rf8 31.f3 Rf7 32.Rc8+ Kh7 33.Rxe6 Rxa2 34.axb6 axb6
35.Rcc6 Rd7 36.Rxg6 Rdd2 37.Kh2 Rxg2+ 38.Kh3 b5 39.Rh6+ Kg7 40.Rhd6 Ra7 41.Rb6
Rb2 42.Rd5 {#r} 1-0

[Event "It (open)"]
[Site "masterchessopen.com Velika Gorica (Croatia)"]
[Date "2005.08.20"]
[Round "1"]
[White "Zaja Ivan (CRO)"]
[Black "Rozic Marijan (CRO)"]
[Result "1-0"]
[WhiteElo "2466"]
[BlackElo "2123"]

1.d4 Nf6 2.c4 g6 3.Nc3 d5 4.Bf4 Bg7 5.e3 c6 6.Nf3 Bg4 7.h3 Bf5 8.Qb3 Qb6 9.c5
Qxb3 10.axb3 Nbd7 11.b4 Ne4 12.g4 Be6 13.Bd3 h5 14.Rg1 hxg4 15.hxg4 Ndf6 16.g5
Nh5 17.Bh2 Bf5 18.Bxe4 Bxe4 19.Nxe4 dxe4 20.Nd2 f6 21.gxf6 Nxf6 22.Be5 Rh4
23.Rxg6 Rh1+ 24.Nf1 Kf7 25.Rg2 a6 26.O-O-O Rd8 27.Nd2 Rxd1+ 28.Kxd1 Bh6
29.Bxf6 exf6 30.Nxe4 Bf8 31.Ke2 Ke6 32.Kd3 a5 33.bxa5 {#r} 1-0

[Event "Cup European Club (final)"]
[Site "masterchessopen.com Saint Vincent (Italy)"]
[Date "2005.09.23"]
[Round "6"]
[White "Khenkin Igor (GER)"]
[Black "Yandemirov Valeri (RUS)"]
[Result "1-0"]
[WhiteElo "2603"]
[BlackElo "2518"]

{ Yandemirov Valeri (RUS) +2 =0 -0 } 1.d4 Nf6 2.c4 g6 3.Nc3 d5 4.Bf4 Bg7 5.e3
c5 ( 5...c6 6.Rc1 Be6 7.Nf3 dxc4 8.Ng5 Bd5 9.e4 h6 10.exd5 hxg5 11.Bxb8 Rxb8
12.dxc6 bxc6 13.Bxc4 Qd6 14.Rc2 Rh4 15.Bb3 Rxd4 16.Rd2 Rbb4 17.Ne2 Rxd2
18.Qxd2 Qxd2+ 19.Kxd2 Ne4+ 20.Kc2 a5 21.a3 Rb5 22.Nc3 Rc5 23.Ba4 Bxc3 24.bxc3
Nxc3 25.Kb3 e5 26.h4 gxh4 27.Rxh4 Ke7 28.Rh3 Nxa4 29.Kxa4 f5 30.Kb3 e4 31.f3
Ke6 32.fxe4 fxe4 { 0-1, Ovchinnikova Julia 2240 - Yandemirov Valeri 2500 ,
Perm 1997 Cup Russia (open) } ) 6.dxc5 Qa5 7.Rc1 dxc4 8.Bxc4 O-O 9.Ne2 { = }
9...Nbd7 ( 9...Qxc5 10.Qb3 Nc6 11.Nb5 Qh5 12.Nc7 Na5 13.Bxf7+ Rxf7 14.Qa3 Rb8
15.Rc5 Qg4 16.Rg5 Nc4 17.Qxa7 Qd7 18.O-O e5 19.Qxb8 exf4 20.Rc5 Nd2 21.Ne6
Qxe6 22.Qxc8+ Qxc8 23.Rxc8+ Bf8 24.Rd1 fxe3 25.fxe3 Rd7 26.Nd4 Nde4 27.Rdc1
Kf7 28.R1c7 Bd6 29.Rxd7+ Nxd7 30.g3 Nb6 31.Rh8 Nf6 32.g4 h6 33.Rxh6 Nc4 34.g5
Nh5 35.Rh7+ Ng7 36.Ne6 Be5 37.Nxg7 Bxg7 38.Rh4 b5 39.a4 Nxe3 40.Rf4+ Ke6
41.Re4+ Kf5 42.Rb4 bxa4 43.Rxa4 Bxb2 44.h4 Be5 45.Kf2 Nc2 46.Kf3 Nd4+ 47.Rxd4
Bxd4 48.h5 gxh5 49.g6 { ...1/2-1/2, Piket Jeroen 2649 - Van Wely Loek 2714 ,
Monaco 2001 It "Melody Amber" (blindfold) } ) 10.a3 { N } ( 10.O-O Nxc5 11.Nb5
Bd7 12.Ned4 ( 12.Bc7 b6 13.Ned4 a6 14.Nc3 Rac8 15.Be5 Na4 16.Bxf6 Nxb2 17.Nb3
Nxd1 18.Nxa5 Bxf6 19.Rfxd1 Bg4 20.f3 bxa5 21.Nd5 Be6 22.Nxf6+ exf6 23.Bxa6
Rxc1 24.Rxc1 Ra8 25.Bb7 Ra7 26.Bc6 Bxa2 27.Ra1 Be6 28.e4 Kf8 29.Kf2 Ke7 30.Ke3
Kd6 31.Ba4 Rb7 32.Bd1 Rb5 33.Be2 Rc5 34.Bd3 Bd7 35.Kd4 a4 36.Bc4 Be8 37.Rb1
Ra5 38.Rb6+ Ke7 39.Rb7+ Kf8 40.Kc3 a3 41.Rb1 Bd7 42.Kb4 Ra4+ 43.Kb3 a2 44.Ra1
Ke7 45.Bd5 f5 46.exf5 Rd4 47.Bc4 Bxf5 48.Rxa2 Kf6 49.Ra6+ Kg5 { ...1/2-1/2,
Khmelniker Ilya 2454 - Tyomkin Dimitri 2505 , Beer-Sheva 21. 4.2004 It
(active) } ) 12...a6 13.Bc7 b6 14.Na3 Qb4 15.Nb3 Ne6 16.Be5 Rfd8 17.Qe2 b5
18.Bxe6 Bxe6 19.Nd4 Bd5 20.Nac2 Qa5 21.Rfd1 Rac8 22.a3 Qb6 23.Nb4 Bb7 24.Nd3
Bf8 25.Nb3 Bd5 26.Bd4 Qb8 27.Nbc5 Qa8 28.f3 Ne8 29.Qf2 f6 30.e4 Bc4 31.b3 Bxd3
32.Ne6 Rxc1 33.Rxc1 Rc8 34.Qd2 Rxc1+ 35.Qxc1 b4 36.Qd2 Bb5 37.Qxb4 Qc8 38.Nxf8
Kxf8 39.Bc5 Qd7 40.a4 Bc6 41.Qc4 Bb7 42.h3 Ng7 { 0-1, Pelletier Yannick 2589 -
McShane Luke J 2629 , Pamplona 2003 It (cat.15) } ) 10...Qxc5 { ?! } (
10...Nh5 11.O-O Qxc5 12.Bb3 Nxf4 { } ) 11.Nb5 Qh5 12.Nc7 e5 13.Bxf7+ Kh8
14.Nxa8 exf4 15.Nxf4 Qxd1+ 16.Kxd1 Ne5 17.Be6 Bxe6 18.Nxe6 Rxa8 19.Rc7 Ne8
20.Rxb7 Bf6 21.f4 Nc4 22.Rf7 h6 23.Ke2 Ncd6 24.Rd7 { ?! } ( 24.Rf8+ Kh7 25.Nc7
Be7 26.Rxe8 { } ) 24...Bxb2 25.Kf3 { ?! } ( 25.Nf8 Bxa3 26.Nxg6+ Kg8 27.Ne7+ {
} ) 25...Bxa3 26.Ra1 Nb5 27.e4 { ?! } ( 27.Nd4 a6 28.Nxb5 axb5 29.Rxa3 { } )
27...a5 { ? } ( 27...Rc8 { !? } 28.Rb1 a6 29.Rb3 Rc6 { } ) 28.e5 { ? } (
28.Rd5 { !? } 28...Nc3 29.Rxa3 Nxd5 30.exd5 { } ) 28...Bb4 { ?! } ( 28...Ra6
29.Rd5 Rxe6 30.Rxb5 Bb4 { } ) 29.Rb7 Ra6 30.Rxb5 Rxe6 31.g4 Kg8 { ?! } (
31...Nc7 32.Rb8+ Kh7 33.Rc1 Nd5 { } ) 32.Rc1 Re7 { ?! } ( 32...Ng7 33.Rc8+ Kf7
34.Rc7+ Kf8 { } ) 33.Rc6 Kf7 34.f5 gxf5 35.gxf5 Nc7 { ?! } ( 35...h5 36.Rh6
Nc7 37.Rb7 Kg8 { } ) 36.Rb7 Nd5 37.Rxh6 Rxb7 38.Rh7+ Ke8 39.Rxb7 Ne7 40.Ke4
Bc3 41.f6 Ng6 42.e6 Bxf6 43.Kf5 Be5 44.Kxg6 { +7.00 CAP } 44...Bxh2 45.Kf6 { }
{#r} 1-0

[Event "It (open) \"]
[Site "masterchessopen.com Omis (Croatia)"]
[Date "2005.10.13"]
[Round "6"]
[White "Zaja Ivan (CRO)"]
[Black "Brkic Ante (CRO)"]
[Result "0-1"]
[WhiteElo "2466"]
[BlackElo "2500"]

1.d4 Nf6 2.c4 g6 3.Nc3 d5 4.Bf4 Bg7 5.e3 c5 6.dxc5 Qa5 7.Rc1 dxc4 8.Bxc4 O-O
9.Ne2 Qxc5 10.Nb5 Qb4+ 11.Kf1 a6 12.a3 Qxb2 13.Rb1 Qxb1 14.Qxb1 axb5 15.Bxb5
Rxa3 16.Bxb8 Ne4 17.Qxe4 Ra1+ 18.Nc1 Rxc1+ 19.Ke2 Rxh1 20.Qxe7 Bg4+ 21.f3
Bxf3+ 22.gxf3 Rxb8 23.Qc7 Rf8 24.h3 Ra1 25.Qxb7 Ra3 26.Qe7 Rb3 27.Ba4 Rc3
28.Kf2 Bh6 29.e4 Rb8 30.Qe5 Be3+ 31.Ke1 Rb1+ 32.Bd1 Rd3 33.Qe8+ Kg7 34.Qe5+
Kh6 35.Qe8 Rbxd1+ 36.Ke2 R1d2+ {#R} 0-1

[Event "It \"]
[Site "masterchessopen.com St.Petersburg (Russia)"]
[Date "2005.11.06"]
[Round "9"]
[White "Ljubivyi Andrey (RUS)"]
[Black "Krylov Andrei (RUS)"]
[Result "1-0"]
[WhiteElo "2062"]
[BlackElo "2131"]

1.d4 Nf6 2.c4 g6 3.Nc3 d5 4.Bf4 Bg7 5.e3 c6 6.h3 O-O 7.Nf3 Qa5 8.Rc1 Be6 9.c5
Ne4 10.a3 Nd7 11.Bd3 Bf5 12.O-O f6 13.Nxe4 dxe4 14.Bc4+ Kh8 15.Nh4 e5 16.Bh2
Rae8 17.Nxf5 gxf5 18.Qh5 f4 19.Qf5 Qc7 20.Qxe4 f5 21.Qf3 Qd8 22.dxe5 fxe3
23.Qxe3 Nxe5 24.Qb3 f4 25.f3 Qg5 26.Kh1 Re7 27.Rfe1 Bf6 28.Re4 Nxc4 29.Qxc4
Bxb2 30.Rce1 Rg7 31.R1e2 Bxa3 32.Bxf4 Qxc5 33.Be5 Qxc4 34.Rxc4 Kg8 35.Bxg7
Kxg7 36.Ra2 b5 37.Rg4+ {#r} 1-0

[Event "Ch Slovenia (team)"]
[Site "masterchessopen.com Bled (Slovenia)"]
[Date "2005.11.27"]
[Round "3"]
[White "Soln Primoz (SLO)"]
[Black "Zvan Ziga (SLO)"]
[Result "0-1"]
[WhiteElo "2355"]
[BlackElo "2235"]

1.d4 Nf6 2.c4 g6 3.Nc3 d5 4.Bf4 Bg7 5.e3 c5 6.dxc5 Qa5 7.Rc1 dxc4 8.Bxc4 O-O
9.Ne2 Qxc5 10.Nb5 Qb4+ 11.Kf1 a6 12.a3 Qxb2 13.Rb1 Qxb1 14.Qxb1 axb5 15.Bxb5
Rxa3 16.Qc1 Ra8 17.Be5 Nc6 18.Bc3 Rd8 19.h3 Be6 20.Kg1 Na7 21.Qb2 Nxb5 22.Qxb5
Ra2 23.Kh2 Rd5 24.Qxb7 Rxe2 25.Qa8+ Bf8 26.Rb1 Nd7 27.Kg1 Rf5 28.f3 Rg5 29.g4
Rc5 30.Rb2 Rxb2 31.Bxb2 Ne5 32.Bd4 Bd5 33.Qa7 Nxf3+ 34.Kf2 Rc2+ 35.Kg3 e6 {#R}
0-1